| 000 | 00397cam a2200157ua 4500 | ||
|---|---|---|---|
| 020 | _c10.00 | ||
| 041 |
_amal _h |
||
| 082 |
_a894.812308 _bZOL/PR |
||
| 100 | _aZola, Emilie . | ||
| 245 |
_aPranaya chappallyangal / _cEmilie Zola. _hTextual Documents |
||
| 260 |
_aChampakulam : _bB.K.M Book Depot , _c1966. |
||
| 300 | _a686 ; . | ||
| 365 | _a10.00 | ||
| 942 | _cBK | ||
| 999 |
_c5236 _d5236 |
||